• 首页
  • 本馆介绍
  • 公告通知
  • 最新文献
  • 馆藏检索
  • 电子资源
  • 读者导购
  • 参考咨询
  • 我的图书馆
  • 登录
  • 详细信息显示
  • 放入我的书架
  • 预约/预借图书
  • 作者相关作品
  • 分类相关作品
  • 丛书相关作品
  • 出版社相关作品

书目信息

  • 表格格式
  • 工作单格式
  • 卡片格式
题名:
走向祖国统一的足迹
    
 
作者: 果继山 编著
分册:   续编十三
出版信息: 北京   红旗出版社  2013
页数: 5115-5723页
开本: 20cm
丛书名:
单 册:
中图分类: D618
科图分类:
主题词: 政治--中国
电子资源:
ISBN: 7-5051-2878-7
000 00694nam0 2200217 450
001 1755625310
005 20170511152804.87
010    @a7-5051-2878-7@dCNY50.00
100    @a20170511d2013 km y0chiy0120 ea
101 0  @achi
102    @aCN@b110000
200 1  @a走向祖国统一的足迹@Azou xiang zu guo tong yi de zu ji@e第二次续编@i续编十三@f果继山编著@Fguo ji shan bian zhu
210    @a北京@c红旗出版社@d2013
215    @a5115-5723页@d20cm
517 1  @a第二次续编@Adi er ci xu bian
517 1  @a续编十三@Axu bian shi san
606 0  @a政治@x中国
690    @aD618@v4
701  0 @a果继山@Aguo ji shan@4编著
801  0 @aCN@b大连网信软件有限公司图书馆·11@c20170511
905    @aZUCC@dD618@e194:13
    
    走向祖国统一的足迹:第二次续编.续编十三/果继山编著.-北京:红旗出版社,2013
    5115-5723页;20cm
    
    
    ISBN 7-5051-2878-7:CNY50.00
    
●
相关链接 在E读中查询图书 在五车中查询图书 在当当中查询图书 在豆瓣中查询图书


正题名:走向祖国统一的足迹     索取号:D618/194:13         预约/预借

序号 登录号 条形码 馆藏地/架位号 状态 备注
1 1051042   210510428   第一样本阅览室/ [索取号:D618/194:13] 在馆    
2 1051062   210510623   第一借阅区/ [索取号:D618/194:13] 在馆    
唐山师范学院图书馆 欢迎您!
大连网信软件有限公司© 版权所有